[Event "NZL-ch op 124th"]
[Site "Wellington"]
[Date "2017.01.06"]
[Round "6"]
[White "Peng, Shunkai"]
[Black "Nijman, Brian"]
[Result "1-0"]
[WhiteElo "2021"]
[BlackElo "2014"]
[PlyCount "109"]
[EventDate "2017.01.01"]
[EventType "swiss"]
[EventRounds "9"]
[EventCountry "NZL"]
[SourceTitle "CBM 176 Extra"]
[Source "ChessBase"]
[SourceDate "2017.03.02"]
[SourceVersion "1"]
[SourceVersionDate "2017.03.02"]
[SourceQuality "1"]

1. e4 c6 2. Nc3 d5 3. Nf3 dxe4 4. Nxe4 Nf6 5. Nxf6+ exf6 6. d4 Bd6 7. Be2 0-0 8. 0-0 Re8 9. h3 Nd7 10. Re1 Nf8 11. Bf1 Be6 12. c4 Qd7 13. Be3 Rad8 14. Qd2 g5 15. d5 cxd5 16. c5 Be7 17. b4 Ng6 18. Nd4 Qc8 19. Rac1 Nh4 20. Rc3 Kh8 21. Kh2 Rg8 22. g3 Qc7 23. Kh1 Nf5 24. Bg2 Rg6 25. Nxf5 Bxf5 26. Bd4 Qd7 27. Rce3 Bf8 28. g4 Be6 29. Rg3 Bg7 30. Bf1 f5 31. f3 f4 32. Rg2 Qe7 33. Rge2 Bxd4 34. Qxd4+ Qf6 35. Rd2 h5 36. Qxf6+ Rxf6 37. Re5 hxg4 38. hxg4 Kg7 39. Rxg5+ Rg6 40. Rh5 Rh6 41. Rxh6 Kxh6 42. Kg2 Kg5 43. Kf2 Kf6 44. Ke2 Rh8 45. Kd3 a5 46. b5 Rh1 47. Be2 Rc1 48. Kd4 a4 49. Bd3 a3 50. Rc2 Rxc2 51. Bxc2 Kg5 52. Bb3 f5 53. gxf5 Kxf5 54. Bxd5 Bc8 55. b6 1-0

[Event "NZL-ch op 124th"]
[Site "Wellington"]
[Date "2017.01.01"]
[Round "1"]
[White "Nijman, Brian"]
[Black "Shaw, Robin A"]
[Result "1-0"]
[WhiteElo "2014"]
[BlackElo "1778"]
[PlyCount "71"]
[EventDate "2017.01.01"]
[EventType "swiss"]
[EventRounds "9"]
[EventCountry "NZL"]
[SourceTitle "CBM 176 Extra"]
[Source "ChessBase"]
[SourceDate "2017.03.02"]
[SourceVersion "1"]
[SourceVersionDate "2017.03.02"]
[SourceQuality "1"]

1. d4 g6 2. g3 f5 3. Bg2 Nf6 4. c3 c6 5. Nd2 d5 6. Nh3 Bg7 7. Nf4 Qd6 8. 0-0 0-0 9. Qb3 e6 10. Nf3 Ne4 11. Nd3 c5 12. Bf4 Qe7 13. dxc5 Nd7 14. Nfe5 Nexc5 15. Qa3 Re8 16. Nxd7 Nxd7 17. Bd6 Qf7 18. Qb3 Kh8 19. Rac1 Nb6 20. Ne5 Bxe5 21. Bxe5+ Kg8 22. Qd1 Nc4 23. Qd4 Nxe5 24. Qxe5 Bd7 25. Rfd1 Bc6 26. c4 Rad8 27. e3 Re7 28. cxd5 exd5 29. Qd4 a6 30. Qb6 Rdd7 31. Rd4 Kg7 32. h4 h5 33. Rcd1 Kf8 34. Qb4 Ke8 35. Bxd5 Bxd5 36. Rxd5 1-0

[Event "Wellington CC-chA"]
[Site "Wellington"]
[Date "2016.11.03"]
[Round "9"]
[White "Ker, Anthony F"]
[Black "Nijman, Brian"]
[Result "1-0"]
[WhiteElo "2280"]
[BlackElo "2037"]
[PlyCount "54"]
[EventDate "2016.09.08"]
[EventType "tourn"]
[EventRounds "9"]
[EventCountry "NZL"]
[SourceTitle "EXT 2018"]
[Source "ChessBase"]
[SourceDate "2017.10.13"]
[SourceVersion "1"]
[SourceVersionDate "2017.10.13"]
[SourceQuality "1"]

1. e4 e5 2. Nf3 Nc6 3. d4 exd4 4. Nxd4 Bb4+ 5. c3 Bc5 6. Be3 Bb6 7. Qg4 Qf6 8. Qg3 Nxd4 9. Bxd4 Bxd4 10. cxd4 Qxd4 11. Nc3 Ne7 12. Rd1 Qb4 13. Qxg7 Rg8 14. Qe5 Qxb2 15. Bc4 d6 16. Qf6 Be6 17. Bxe6 fxe6 18. Nd5 Qxf6 19. Nxf6+ Kf7 20. Nxg8 Rxg8 21. g3 Rg5 22. f4 Ra5 23. Rd2 Ra4 24. Re2 Nc6 25. 0-0 Nd4 26. Rb2 b6 27. e5 d5 1-0

[Event "Wellington CC-chA"]
[Site "Wellington"]
[Date "2016.10.06"]
[Round "5"]
[White "Nijman, Brian"]
[Black "Dive, Russell John"]
[Result "0-1"]
[WhiteElo "2037"]
[BlackElo "2302"]
[PlyCount "106"]
[EventDate "2016.09.08"]
[EventType "tourn"]
[EventRounds "9"]
[EventCountry "NZL"]
[SourceTitle "EXT 2018"]
[Source "ChessBase"]
[SourceDate "2017.10.13"]
[SourceVersion "1"]
[SourceVersionDate "2017.10.13"]
[SourceQuality "1"]

1. d4 Nf6 2. Bf4 c5 3. e3 Qb6 4. Nc3 cxd4 5. exd4 a6 6. a3 d5 7. Bxb8 Rxb8 8. Be2 Bf5 9. Qd2 e6 10. Ra2 Bd6 11. Nf3 Qc7 12. 0-0 0-0 13. g3 Rfc8 14. Rc1 b5 15. Nd1 h6 16. Kg2 Rb6 17. c3 a5 18. Bd3 Be4 19. Qe3 Re8 20. Bxe4 Nxe4 21. a4 Qc4 22. Raa1 bxa4 23. Nd2 Nxd2 24. Qxd2 Reb8 25. Qc2 a3 26. bxa3 a4 27. Ne3 Qc6 28. Ra2 Rb3 29. Nd1 Rxa3 30. Rxa3 Bxa3 31. Rb1 Rxb1 32. Qxb1 Qc4 33. Qb8+ Bf8 34. Qa7 a3 35. Ne3 Qxc3 36. Ng4 Bd6 37. Qa4 Kh7 38. h4 h5 39. Nh2 Qb4 40. Qa7 Kg8 41. Nf3 g6 42. Qa8+ Kg7 43. Ng5 Qxd4 44. Qd8 Qc5 45. g4 Be7 46. Qe8 Bxg5 47. gxh5 Bxh4 48. h6+ Kxh6 49. Qh8+ Kg5 50. Qe5+ f5 51. f4+ Kh5 52. Qe2+ Kh6 53. Kh3 Bf6 0-1

[Event "Wellington Mazur Memorial"]
[Site "Wellington"]
[Date "2016.09.01"]
[Round "8"]
[White "Nijman, Brian"]
[Black "Croad, Nicholas"]
[Result "0-1"]
[WhiteElo "2141"]
[BlackElo "2412"]
[PlyCount "78"]
[EventDate "2016.07.21"]
[EventType "swiss"]
[EventRounds "8"]
[EventCountry "NZL"]
[SourceTitle "EXT 2018"]
[Source "ChessBase"]
[SourceDate "2017.10.13"]
[SourceVersion "1"]
[SourceVersionDate "2017.10.13"]
[SourceQuality "1"]

1. d4 Nf6 2. Bg5 d5 3. e3 c6 4. Nd2 Bg4 5. Ne2 Nbd7 6. f4 h6 7. Bh4 e6 8. c3 Bd6 9. Qb3 b5 10. Nc1 g5 11. Bg3 Nh5 12. Be2 Bxe2 13. Nxe2 gxf4 14. exf4 Qf6 15. Rf1 Nb6 16. 0-0-0 a5 17. Qc2 0-0 18. Kb1 c5 19. f5 e5 20. dxe5 Bxe5 21. Bxe5 Qxe5 22. Nf3 Qf6 23. g4 Ng7 24. Nf4 Rfd8 25. Rfe1 b4 26. Re5 Rab8 27. h4 bxc3 28. g5 Qc6 29. gxh6 Qxh6 30. f6 Nc4 31. Qxc3 Nxb2 32. Rg1 Nd1+ 33. Kc2 Nxc3 34. Reg5 Qxf6 35. Nh5 Rb2+ 36. Kxb2 Na4+ 37. Kc1 Qb2+ 38. Kd1 Nc3+ 39. Ke1 Qe2# 0-1

[Event "Wellington Mazur Memorial"]
[Site "Wellington"]
[Date "2016.08.11"]
[Round "5"]
[White "Dive, Russell John"]
[Black "Nijman, Brian"]
[Result "1-0"]
[WhiteElo "2452"]
[BlackElo "2141"]
[PlyCount "77"]
[EventDate "2016.07.21"]
[EventType "swiss"]
[EventRounds "8"]
[EventCountry "NZL"]
[SourceTitle "EXT 2018"]
[Source "ChessBase"]
[SourceDate "2017.10.13"]
[SourceVersion "1"]
[SourceVersionDate "2017.10.13"]
[SourceQuality "1"]

1. Nf3 g6 2. g3 Bg7 3. Bg2 e5 4. 0-0 Nc6 5. c4 f5 6. d3 Nge7 7. Nc3 0-0 8. Rb1 d6 9. Bd2 Kh8 10. b4 Ng8 11. b5 Nce7 12. Qb3 h6 13. Ne1 f4 14. Nc2 g5 15. a4 g4 16. Rfd1 Nf5 17. e3 f3 18. Bf1 Be6 19. Be1 Qe8 20. d4 Nf6 21. dxe5 dxe5 22. Nd5 Bxd5 23. cxd5 Rd8 24. Nb4 Qf7 25. a5 Ne7 26. a6 b6 27. Qc4 Rd7 28. Nc6 Nxc6 29. dxc6 Rxd1 30. Rxd1 Qe8 31. Bb4 Rg8 32. Qc2 Bf8 33. Qf5 Bg7 34. Bc4 Qc8 35. Be6 Rd8 36. Bd7 Qb8 37. Be7 Rf8 38. Bxf8 Qxf8 39. h3 1-0

[Event "Wellington Mazur Memorial"]
[Site "Wellington"]
[Date "2016.07.21"]
[Round "2"]
[White "Rossiter, Philip E"]
[Black "Nijman, Brian"]
[Result "1/2-1/2"]
[WhiteElo "1814"]
[BlackElo "2141"]
[PlyCount "86"]
[EventDate "2016.07.21"]
[EventType "swiss"]
[EventRounds "8"]
[EventCountry "NZL"]
[SourceTitle "EXT 2018"]
[Source "ChessBase"]
[SourceDate "2017.10.13"]
[SourceVersion "1"]
[SourceVersionDate "2017.10.13"]
[SourceQuality "1"]

1. c4 e6 2. g3 d5 3. Bg2 dxc4 4. Qa4+ Bd7 5. Qxc4 Bc6 6. Nf3 Nd7 7. d3 Bd6 8. Nc3 Ne5 9. Qb3 Ne7 10. 0-0 Nxf3+ 11. exf3 0-0 12. Ne4 Nf5 13. Qc3 Be7 14. Bf4 Nd4 15. Rfe1 Bf6 16. Qd2 Rc8 17. Rac1 e5 18. Be3 Be7 19. Bxd4 exd4 20. Nc5 Re8 21. Nb3 h6 22. Na5 Bd5 23. Nc4 Bf6 24. b3 Qd7 25. Qd1 Rxe1+ 26. Qxe1 Re8 27. Qf1 Be7 28. f4 Bd8 29. Ne5 Qd6 30. Bxd5 Qxd5 31. Nc4 c6 32. Re1 Rxe1 33. Qxe1 Bf6 34. Qe8+ Kh7 35. Ne5 Bxe5 36. fxe5 c5 37. f4 h5 38. Qe7 a5 39. Qg5 Qf3 40. Qf5+ Kg8 41. Qc8+ Kh7 42. Qf5+ Kg8 43. Qc8+ Kh7 1/2-1/2

[Event "Wellington CC Autumn Cup-B"]
[Site "Wellington"]
[Date "2016.05.26"]
[Round "6"]
[White "Nijman, Brian"]
[Black "Stone, Andrew"]
[Result "1-0"]
[WhiteElo "2141"]
[BlackElo "2063"]
[PlyCount "73"]
[EventDate "2016.04.21"]
[EventType "tourn"]
[EventRounds "5"]
[EventCountry "NZL"]
[SourceTitle "EXT 2018"]
[Source "ChessBase"]
[SourceDate "2017.10.13"]
[SourceVersion "1"]
[SourceVersionDate "2017.10.13"]
[SourceQuality "1"]

1. d4 Nf6 2. Bg5 e6 3. Nf3 d5 4. e3 Be7 5. Bd3 0-0 6. 0-0 c5 7. c3 Nbd7 8. Nbd2 b6 9. Ne5 Nxe5 10. dxe5 Nd7 11. Bf4 f5 12. exf6 Nxf6 13. Qc2 Qe8 14. Nf3 c4 15. Be2 Ne4 16. Rad1 Bb7 17. Nd2 Nxd2 18. Rxd2 Bf6 19. Bd6 Rf7 20. Bh5 g6 21. Bf3 Qd7 22. Ba3 Be5 23. Bg4 Bd6 24. Bxd6 Qxd6 25. Qe4 Rf6 26. Qxc4 Qxh2+ 27. Kxh2 dxc4 28. Be2 b5 29. a4 Raf8 30. f3 a6 31. Rd7 Bc8 32. Rd6 Rf5 33. Rfd1 Kf7 34. Rc6 Kg8 35. Rdd6 g5 36. Rc7 h5 37. Rdc6 1-0

[Event "Wellington CC Summer Cup"]
[Site "Wellington"]
[Date "2016.02.11"]
[Round "4"]
[White "Nijman, Brian"]
[Black "List, Robert"]
[Result "1-0"]
[WhiteElo "2158"]
[BlackElo "1661"]
[PlyCount "43"]
[EventDate "2016.01.21"]
[EventType "swiss"]
[EventRounds "8"]
[EventCountry "NZL"]
[SourceTitle "EXT 2018"]
[Source "ChessBase"]
[SourceDate "2017.10.13"]
[SourceVersion "1"]
[SourceVersionDate "2017.10.13"]
[SourceQuality "1"]

1. d4 Nf6 2. Bg5 c6 3. Nc3 d6 4. Bxf6 gxf6 5. e3 Bf5 6. Nge2 Qc7 7. Nf4 Nd7 8. h4 Nb6 9. g4 Bd7 10. g5 fxg5 11. hxg5 0-0-0 12. a4 Kb8 13. a5 Nc8 14. a6 b5 15. Qf3 d5 16. Nd3 Be8 17. Nc5 e5 18. 0-0-0 Bxc5 19. dxc5 b4 20. Na4 e4 21. Qf6 Ne7 22. Qxh8 1-0

[Event "Wellington CC-chA"]
[Site "Wellington"]
[Date "2015.11.12"]
[Round "8"]
[White "Nijman, Brian"]
[Black "Dive, Russell John"]
[Result "0-1"]
[WhiteElo "2075"]
[BlackElo "2303"]
[PlyCount "72"]
[EventDate "2015.09.24"]
[EventType "tourn"]
[EventRounds "9"]
[EventCountry "NZL"]
[SourceTitle "EXT 2018"]
[Source "ChessBase"]
[SourceDate "2017.10.13"]
[SourceVersion "1"]
[SourceVersionDate "2017.10.13"]
[SourceQuality "1"]

1. d4 Nf6 2. Nf3 c5 3. c3 b6 4. Bg5 Ne4 5. Bf4 e6 6. Nfd2 Nxd2 7. Qxd2 Bb7 8. e3 Be7 9. Bd3 0-0 10. 0-0 d5 11. a4 Nc6 12. Qe2 Bd6 13. Bxd6 Qxd6 14. f4 g6 15. h4 Kg7 16. Nd2 f6 17. Qg4 e5 18. Bb5 Ne7 19. fxe5 fxe5 20. Qd7 Qxd7 21. Bxd7 Bc6 22. Be6 Rf6 23. Rxf6 Kxf6 24. Bg4 Nf5 25. Bxf5 Kxf5 26. Nf3 exd4 27. exd4 a5 28. g4+ Ke4 29. Kf2 Rf8 30. Re1+ Kd3 31. Kg3 Bxa4 32. Re6 Rb8 33. Rd6 Bb3 34. Ne5+ Kc2 35. dxc5 bxc5 36. Nd7 Rd8 0-1

[Event "Wellington Easter op"]
[Site "Wellington"]
[Date "2015.04.05"]
[Round "6"]
[White "Stracy, Don M"]
[Black "Nijman, Brian"]
[Result "0-1"]
[WhiteElo "1684"]
[BlackElo "2092"]
[PlyCount "92"]
[EventDate "2015.04.03"]
[EventType "swiss"]
[EventRounds "6"]
[EventCountry "NZL"]
[SourceTitle "EXT 2018"]
[Source "ChessBase"]
[SourceDate "2017.10.13"]
[SourceVersion "1"]
[SourceVersionDate "2017.10.13"]
[SourceQuality "1"]

1. e4 c5 2. Nf3 a6 3. d4 cxd4 4. Nxd4 Nf6 5. Nc3 e5 6. Nf5 d5 7. Ng3 d4 8. Nce2 Nc6 9. f4 h5 10. fxe5 Qa5+ 11. Bd2 Qxe5 12. Bf4 Qc5 13. c3 dxc3 14. Nxc3 h4 15. Nd5 hxg3 16. Nc7+ Ke7 17. Qd2 Qf2+ 18. Qxf2 gxf2+ 19. Kxf2 Ra7 20. Nd5+ Nxd5 21. exd5 Nd8 22. Re1+ Kd7 23. Bd3 g6 24. Re2 Bc5+ 25. Kf3 b5 26. Rhe1 Bb7 27. Re5 Bd6 28. R5e2 Bxd5+ 29. Kg3 Bxf4+ 30. Kxf4 Ne6+ 31. Kg3 Bc4 32. Bxc4 bxc4 33. Rd2+ Ke7 34. Red1 Rd8 35. Rxd8 Nxd8 36. Kf4 Ne6+ 37. Ke3 Rc7 38. Rc1 Kd6 39. b3 cxb3 40. Rxc7 Kxc7 41. axb3 Kd6 42. h4 a5 43. g4 Nc5 44. h5 gxh5 45. gxh5 Ke6 46. Kf3 Kf6 0-1

[Event "Wellington Easter op"]
[Site "Wellington"]
[Date "2015.04.03"]
[Round "2"]
[White "Brockway, Andrew"]
[Black "Nijman, Brian"]
[Result "1/2-1/2"]
[WhiteElo "1738"]
[BlackElo "2092"]
[PlyCount "67"]
[EventDate "2015.04.03"]
[EventType "swiss"]
[EventRounds "6"]
[EventCountry "NZL"]
[SourceTitle "EXT 2018"]
[Source "ChessBase"]
[SourceDate "2017.10.13"]
[SourceVersion "1"]
[SourceVersionDate "2017.10.13"]
[SourceQuality "1"]

1. e4 c6 2. d4 d5 3. exd5 cxd5 4. Bd3 Nc6 5. c3 Qc7 6. Nf3 e6 7. Bg5 Nge7 8. Qe2 Ng6 9. Nbd2 Nf4 10. Bxf4 Qxf4 11. Ne5 Nxe5 12. Qxe5 Qxe5+ 13. dxe5 Bd7 14. Ke2 0-0-0 15. Nb3 g5 16. g3 Bg7 17. f4 f6 18. exf6 Bxf6 19. Raf1 gxf4 20. Rxf4 Bg5 21. Rf7 e5 22. Bf5 b6 23. Rd1 d4 24. Bxd7+ Rxd7 25. Rxd7 Kxd7 26. cxd4 e4 27. Nd2 Re8 28. Rf1 Re7 29. Rf5 Bh6 30. Re5 Rxe5 31. dxe5 Ke6 32. Nxe4 Kxe5 33. Nc3 Bg7 34. Kd3 1/2-1/2

[Event "Wellington CC-chA"]
[Site "Wellington"]
[Date "2014.10.23"]
[Round "5"]
[White "Nijman, Brian"]
[Black "Sellen, Ian"]
[Result "1/2-1/2"]
[WhiteElo "2114"]
[BlackElo "2007"]
[PlyCount "92"]
[EventDate "2014.09.25"]
[EventType "tourn"]
[EventRounds "9"]
[EventCountry "NZL"]
[SourceTitle "EXT 2018"]
[Source "ChessBase"]
[SourceDate "2017.10.13"]
[SourceVersion "1"]
[SourceVersionDate "2017.10.13"]
[SourceQuality "1"]

1. e4 c5 2. a3 Nc6 3. Nf3 d6 4. b4 cxb4 5. axb4 Nxb4 6. d4 Qc7 7. c3 Nc6 8. Bd3 Nf6 9. 0-0 e5 10. Na3 Bd7 11. Nc4 Be7 12. Ba3 Bg4 13. d5 Nd8 14. Ne3 0-0 15. Nxg4 Nxg4 16. Qb3 Nf6 17. Rfb1 Nd7 18. Ne1 b6 19. Ba6 Nb7 20. Nd3 f5 21. f3 fxe4 22. fxe4 Bg5 23. Bxb7 Qxb7 24. Bxd6 Rfe8 25. Rf1 Be3+ 26. Kh1 Nf6 27. Rae1 Nxe4 28. Rxe3 Nxd6 29. Rxe5 Rxe5 30. Nxe5 Re8 31. Nc6 Qa6 32. Qd1 Qb7 33. Re1 Qd7 34. Rxe8+ Nxe8 35. Qe2 Nf6 36. c4 a5 37. h3 Qe8 38. Qf2 Nd7 39. Qf4 a4 40. d6 Nf6 41. Ne5 a3 42. d7 Nxd7 43. Nxd7 Qxd7 44. Qb8+ Kf7 45. Qf4+ Kg8 46. Qb8+ Kf7 1/2-1/2

[Event "Wellington CC-chA"]
[Site "Wellington"]
[Date "2014.10.16"]
[Round "4"]
[White "Perry, Roger L"]
[Black "Nijman, Brian"]
[Result "0-1"]
[WhiteElo "2015"]
[BlackElo "2114"]
[PlyCount "96"]
[EventDate "2014.09.25"]
[EventType "tourn"]
[EventRounds "9"]
[EventCountry "NZL"]
[SourceTitle "EXT 2018"]
[Source "ChessBase"]
[SourceDate "2017.10.13"]
[SourceVersion "1"]
[SourceVersionDate "2017.10.13"]
[SourceQuality "1"]

1. e4 c6 2. d4 d5 3. exd5 cxd5 4. c4 Nf6 5. Nc3 Nc6 6. Nf3 g6 7. cxd5 Nxd5 8. Qb3 Nxc3 9. bxc3 Bg7 10. Be2 0-0 11. 0-0 Na5 12. Qb4 b6 13. Bg5 Qc7 14. Bxe7 Nc6 15. Bd6 Nxb4 16. Bxc7 Nd5 17. Be5 Nxc3 18. Bc4 b5 19. Rac1 b4 20. Bd6 Be6 21. d5 Rfc8 22. Ba6 Bxd5 23. Bxc8 Rxc8 24. Kh1 a5 25. Be5 Bh6 26. Rc2 Be4 27. Rb2 Bd5 28. Ra1 Rc5 29. Bd4 Rc4 30. Be3 Bg7 31. Nd2 Rc6 32. Rc1 h5 33. h3 Ra6 34. Rbc2 Bxa2 35. Nf3 a4 36. Bd4 Bb3 37. Bxg7 Kxg7 38. Rd2 a3 39. Nd4 Be6 40. Nxe6+ fxe6 41. Rd7+ Kf6 42. Rb7 a2 43. Ra1 Nd5 44. Kg1 Ke5 45. Rb5 Kd4 46. Kf1 Kc4 47. Rb8 Kb3 48. Rc8 Nc3 0-1

[Event "Wellington CC-chA"]
[Site "Wellington"]
[Date "2013.09.26"]
[Round "9"]
[White "Forster, William"]
[Black "Nijman, Brian"]
[Result "0-1"]
[WhiteElo "1960"]
[BlackElo "2123"]
[PlyCount "74"]
[EventDate "2013.08.01"]
[EventType "tourn"]
[EventRounds "9"]
[EventCountry "NZL"]
[SourceTitle "EXT 2018"]
[Source "ChessBase"]
[SourceDate "2017.10.13"]
[SourceVersion "1"]
[SourceVersionDate "2017.10.13"]
[SourceQuality "1"]

1. c4 g6 2. g3 Bg7 3. Bg2 c5 4. Nc3 Nc6 5. e3 d6 6. Nge2 Bd7 7. 0-0 Qc8 8. Nf4 Nh6 9. b3 0-0 10. Bb2 Nf5 11. d3 Rb8 12. Qd2 Re8 13. Rac1 Nd8 14. Nce2 Ne6 15. Nd5 Nc7 16. Bxg7 Nxg7 17. Nef4 Nxd5 18. Nxd5 Bh3 19. f4 Bxg2 20. Qxg2 Qd8 21. Rc2 e6 22. Nc3 a6 23. g4 f5 24. e4 Qf6 25. gxf5 Qd4+ 26. Kh1 exf5 27. Nd5 Kh8 28. Re2 b5 29. cxb5 axb5 30. Re3 c4 31. Rd1 cxd3 32. Rexd3 Qxe4 33. R3d2 Qxg2+ 34. Kxg2 Re6 35. Nc7 Re4 36. Rxd6 Nh5 37. Ne6 Rxe6 0-1

[Event "Wellington CC-chA"]
[Site "Wellington"]
[Date "2013.08.29"]
[Round "5"]
[White "Nijman, Brian"]
[Black "Dive, Russell John"]
[Result "0-1"]
[WhiteElo "2123"]
[BlackElo "2331"]
[PlyCount "76"]
[EventDate "2013.08.01"]
[EventType "tourn"]
[EventRounds "9"]
[EventCountry "NZL"]
[SourceTitle "EXT 2018"]
[Source "ChessBase"]
[SourceDate "2017.10.13"]
[SourceVersion "1"]
[SourceVersionDate "2017.10.13"]
[SourceQuality "1"]

1. d4 Nf6 2. Bg5 Ne4 3. Bf4 d5 4. f3 Nd6 5. Nc3 Nf5 6. e4 dxe4 7. Nb5 Na6 8. fxe4 Nh4 9. Nf3 Bg4 10. Bg3 Nxf3+ 11. gxf3 Bh5 12. Nc3 e6 13. Bxa6 bxa6 14. Qd3 Bd6 15. 0-0-0 Qg5+ 16. Kb1 Qa5 17. Rhg1 0-0 18. h4 f6 19. Bxd6 cxd6 20. Rg3 Rab8 21. Rdg1 Rf7 22. Ne2 e5 23. d5 Qb5 24. Qxb5 axb5 25. R1g2 Rbb7 26. Nc1 f5 27. b4 fxe4 28. fxe4 Bf3 29. Rd2 Rbc7 30. Kb2 Rc4 31. a3 Rxe4 32. h5 Rh4 33. Nb3 Rxh5 34. Rd3 e4 35. Rc3 Rxd5 36. Na5 g5 37. Nc6 g4 38. Nd8 Re7 0-1

[Event "Wellington CC-chA"]
[Site "Wellington"]
[Date "2013.08.08"]
[Round "2"]
[White "Sellen, Ian"]
[Black "Nijman, Brian"]
[Result "1-0"]
[WhiteElo "1983"]
[BlackElo "2123"]
[PlyCount "97"]
[EventDate "2013.08.01"]
[EventType "tourn"]
[EventRounds "9"]
[EventCountry "NZL"]
[SourceTitle "EXT 2018"]
[Source "ChessBase"]
[SourceDate "2017.10.13"]
[SourceVersion "1"]
[SourceVersionDate "2017.10.13"]
[SourceQuality "1"]

1. c4 c6 2. Nf3 d5 3. d4 Nf6 4. Nc3 dxc4 5. e4 b5 6. e5 Nd5 7. a3 Bf5 8. Nh4 Nxc3 9. bxc3 Be6 10. Be2 Bd5 11. Nf5 Nd7 12. 0-0 Nb6 13. f4 Qd7 14. Ne3 Be4 15. Bg4 e6 16. f5 Nd5 17. fxe6 fxe6 18. Qe1 Be7 19. Qg3 Rf8 20. Bd2 Rxf1+ 21. Nxf1 Kf7 22. Qh3 Nc7 23. Ng3 Bg6 24. Nh5 Kg8 25. Nf4 Bf5 26. Bxf5 exf5 27. Qg3 Ne6 28. a4 a5 29. axb5 Nxf4 30. Qxf4 cxb5 31. Qf3 Ra7 32. d5 Bc5+ 33. Kh1 g6 34. d6 Qe6 35. Qc6 Qxe5 36. d7 Rxd7 37. Qxd7 Bd6 38. Qd8+ Kf7 39. Qh4 Qe2 40. Qxh7+ Kf6 41. Qh8+ Kf7 42. Qd4 Bf8 43. Re1 Qh5 44. Qd5+ Kg7 45. Qd7+ Kh8 46. Be3 Qh4 47. Bd4+ Kg8 48. Qe6+ Kh7 49. Qf7+ 1-0

[Event "Wellington CC Autumn Cup-A"]
[Site "Wellington"]
[Date "2013.05.09"]
[Round "1"]
[White "Nijman, Brian"]
[Black "Stone, Andrew"]
[Result "1-0"]
[WhiteElo "2218"]
[BlackElo "2008"]
[PlyCount "53"]
[EventDate "2013.05.09"]
[EventType "tourn"]
[EventRounds "5"]
[EventCountry "NZL"]
[SourceTitle "EXT 2018"]
[Source "ChessBase"]
[SourceDate "2017.10.13"]
[SourceVersion "1"]
[SourceVersionDate "2017.10.13"]
[SourceQuality "1"]

1. e4 e5 2. Nf3 Nc6 3. c3 Nf6 4. d4 exd4 5. e5 Ne4 6. Qe2 Nc5 7. cxd4 Na6 8. a3 Ne7 9. Nc3 d5 10. exd6 cxd6 11. Bf4 Nc7 12. Ne4 Kd7 13. Nxd6 Ng6 14. Ne5+ Nxe5 15. dxe5 Bxd6 16. 0-0-0 Qe7 17. Qd2 Ne6 18. Bb5+ Kd8 19. exd6 Qf6 20. Be3 Bd7 21. Qa5+ Ke8 22. Bxd7+ Kxd7 23. Qb5+ Kd8 24. d7 b6 25. Qd5 Nc7 26. Qd2 h5 27. Bg5 1-0

[Event "Wellington CC Summer Cup"]
[Site "Wellington"]
[Date "2013.04.11"]
[Round "8"]
[White "Jackson, L Ross"]
[Black "Nijman, Brian"]
[Result "1/2-1/2"]
[WhiteElo "1996"]
[BlackElo "2153"]
[PlyCount "99"]
[EventDate "2013.02.07"]
[EventType "swiss"]
[EventRounds "8"]
[EventCountry "NZL"]
[SourceTitle "EXT 2018"]
[Source "ChessBase"]
[SourceDate "2017.10.13"]
[SourceVersion "1"]
[SourceVersionDate "2017.10.13"]
[SourceQuality "1"]

1. d4 e6 2. Nf3 f5 3. c4 Bb4+ 4. Nc3 Nf6 5. Qc2 0-0 6. a3 Bxc3+ 7. Qxc3 a5 8. b3 d6 9. Bb2 Nbd7 10. g3 b5 11. Bg2 Nb6 12. c5 Nbd5 13. Qc2 Ba6 14. 0-0 b4 15. Rfe1 bxa3 16. Bxa3 Bb7 17. Qb2 Nb4 18. Rac1 Be4 19. Bf1 Qe8 20. Nd2 Qh5 21. f3 Bd5 22. Bg2 f4 23. Nf1 g5 24. Qd2 g4 25. Rc3 dxc5 26. Rxc5 fxg3 27. Nxg3 Qh4 28. e4 Bb7 29. Qg5+ Qxg5 30. Rxg5+ Kh8 31. Bxb4 axb4 32. Rb5 Ba6 33. Rxb4 gxf3 34. Bxf3 Rad8 35. Kg2 c5 36. Rb6 Bc8 37. dxc5 Nd7 38. Rd6 Nxc5 39. Rxd8 Rxd8 40. Rd1 Rf8 41. b4 Nd7 42. b5 Ne5 43. Be2 Bb7 44. Rd6 Rf6 45. b6 Kg8 46. Rd8+ Rf8 47. Rxf8+ Kxf8 48. Kf2 Nd7 49. Bc4 Ke7 50. Bd3 1/2-1/2

[Event "North Island-ch"]
[Site "Wellington"]
[Date "2013.04.01"]
[Round "7"]
[White "Nijman, Arie J"]
[Black "Nijman, Brian"]
[Result "0-1"]
[WhiteElo "1824"]
[BlackElo "2147"]
[PlyCount "34"]
[EventDate "2013.03.29"]
[EventType "swiss"]
[EventRounds "8"]
[EventCountry "NZL"]
[SourceTitle "EXT 2018"]
[Source "ChessBase"]
[SourceDate "2017.10.13"]
[SourceVersion "1"]
[SourceVersionDate "2017.10.13"]
[SourceQuality "1"]

1. e4 c6 2. d4 d5 3. exd5 cxd5 4. c4 Nf6 5. c5 e5 6. Nc3 exd4 7. Qxd4 Be7 8. Bb5+ Bd7 9. Bxd7+ Qxd7 10. f3 Nc6 11. Qf2 Nb4 12. Qe2 d4 13. Ne4 d3 14. Nd6+ Qxd6 15. cxd6 dxe2 16. dxe7 Nc2+ 17. Kxe2 Nxa1 0-1

[Event "North Island-ch"]
[Site "Wellington"]
[Date "2013.03.31"]
[Round "6"]
[White "Nijman, Brian"]
[Black "Rains, Edward"]
[Result "0-1"]
[WhiteElo "2147"]
[BlackElo "1862"]
[PlyCount "114"]
[EventDate "2013.03.29"]
[EventType "swiss"]
[EventRounds "8"]
[EventCountry "NZL"]
[SourceTitle "EXT 2018"]
[Source "ChessBase"]
[SourceDate "2017.10.13"]
[SourceVersion "1"]
[SourceVersionDate "2017.10.13"]
[SourceQuality "1"]

1. Nf3 g6 2. c4 Bg7 3. g3 Nf6 4. Bg2 0-0 5. 0-0 d6 6. Nc3 c6 7. Qc2 Qa5 8. d3 Qh5 9. Nh4 g5 10. Nf3 h6 11. Ne4 Nxe4 12. dxe4 Bh3 13. Be3 Nd7 14. Rad1 c5 15. Rfe1 Bxg2 16. Kxg2 Qg6 17. h4 g4 18. Nd2 b6 19. Rh1 Nf6 20. b3 e6 21. h5 Qh7 22. Qb1 Rad8 23. f4 gxf3+ 24. exf3 d5 25. e5 Qxb1 26. Rxb1 Ne8 27. Bf4 f6 28. Rbe1 fxe5 29. Bxe5 Bxe5 30. Rxe5 Kf7 31. Rh4 Ng7 32. Rf4+ Kg8 33. Rg4 Kh7 34. cxd5 Rxd5 35. Nc4 Rfd8 36. a4 Rd3 37. Re3 Rxe3 38. Nxe3 Rd3 39. Re4 Rxb3 40. Ng4 Rb4 41. Nf6+ Kh8 42. Re2 Rxa4 43. Rd2 Rd4 44. Ra2 a5 45. Rb2 Rd6 46. Ne4 Rc6 47. g4 e5 48. Rd2 Ne6 49. Rd7 Nf8 50. Rd8 Kg7 51. Nd6 c4 52. Nf5+ Kf7 53. Ne3 c3 54. Nc2 Ke7 55. Rb8 Nd7 56. Rg8 Kf7 57. Rh8 Nf8 0-1